Normal view
MARC view
Entry Personal Name
001 - CONTROL NUMBER
- control field: 7036
003 - CONTROL NUMBER IDENTIFIER
- control field: OSt
005 - DATE AND TIME OF LATEST TRANSACTION
- control field: 20190712065920.0
008 - FIXED-LENGTH DATA ELEMENTS
- fixed length control field: 190712|| aca||aabn | a|a d
040 ## - CATALOGING SOURCE
- Original cataloging agency: OSt
- Transcribing agency: OSt
100 ## - HEADING--PERSONAL NAME
- Personal name: Ashford, Susan J.
670 ## - SOURCE DATA FOUND
- Source citation: Work cat.: (OSt): Petriglieri, Gianpiero 7031, Agony and ecstasy in the gig economy: cultivating holding environments for precarious and personalized work identities, 2019
